Word Ladder: Dreamland Quiz Stats

 Plays Quiz Updated Jun 5, 2016

Challenge
Share
Tweet
Embed
Score 0/19 Timer 03:00
0 Plays Today
Hint 4-Letter Word % Correct
Peter Pan foeHOOK
96%
Hope (for)WISH
84.8%
Opposite of 'Walk', at a crosswalkWAIT
84%
SI unit of powerWATT
83.9%
CleanseWASH
83.7%
‟Come again?”WHAT
81.3%
☺ Common preposition ☺☺ WITH ☺
79.8%
Ice skater KatarinaWITT
79.6%
Yank's bonnetHOOD
78.7%
Use a pawn shopHOCK
75.9%
Hint 4-Letter Word % Correct
☺ ‟Better is the enemy of ____ enough” ☺☺ GOOD ☺
75.6%
☺ Chance, good or bad ☺☺ LUCK ☺
75.2%
Teeny amountWHIT
74.7%
Sure thingLOCK
67.8%
Moonshine starterMASH
67.6%
☺ Pronoun for something yonder ☺☺ THAT ☺
67.4%
Speed-of-sound unitMACH
66.2%
First word of a Shakespeare comedyMUCH
61.5%
Some people rake this?MUCK
60.8%

Today's Daily Dose

You're not logged in!

Compare scores with friends on all Sporcle quizzes.
OR
Log In

You Might Also Like...

Show Comments

Extras

Top Quizzes Today


Score Distribution

Your Account Isn't Verified!

In order to create a playlist on Sporcle, you need to verify the email address you used during registration. Go to your Sporcle Settings to finish the process.

Report this User

Report this user for behavior that violates our Community Guidelines.

Details: